| 000 | 00587nam a22001697a 4500 | ||
|---|---|---|---|
| 005 | 20251108165317.0 | ||
| 008 | 250721s1989 xx 000 0 ara d | ||
| 082 | 1 | 4 | _a632.9/محم |
| 100 | 1 | _aالحسيني، محمد أحمد | |
| 245 | 1 | 0 | _aدليلك المصور لآفات و أمراض النبات و طرق الوقاية منها و مكافحتها / |
| 264 | 1 |
_aالقاهرة : _bمكتبة إبن سينا للنشر، _c1989. |
|
| 300 | _a176ص | ||
| 650 | 1 | 7 | _aالآفات الزراعية |
| 650 | 1 | 7 | _aأمراض النبات |
| 942 |
_2ddc _cBK |
||
| 999 |
_c24774 _d24774 |
||